Obálka Náhled e-knihy:
PDF Epub
Pro půjčování e-knih musíte být přihlášeni.
Jak si půjčit online?

Sharko /

Oblíbené duo kriminalistů versus upíří sekta. Další případ z krimisérie Sharko a Hennebelleová.

Uloženo v:
Série:Komisař Sharko, část 8
Hlavní autor: Thilliez, Franck, 1973- (Autor)
Další autoři: Žák, Jiří, 1946-2024 (Autor)
Médium: E-kniha
Jazyk:Czech
Vydáno: V Praze : XYZ, 2024
Vydání:První vydání
Témata:
Příbuzné jednotky:Z cyklu:: Komisař Sharko
Tagy:
Žádné tagy
LEADER 02609nam a2200493 i 4500
001 312313
003 CZ PrSKC
005 20260601215720.0
007 ta
008 240307s2024 xr g 000 f cze
015 |a cnb003592687 
020 |a 9788076834699  |q (vázáno) :  |c Kč 449,00 
035 |a (OCoLC)1429250634 
040 |a ABG001  |b cze  |e rda 
041 1 |a cze  |h fre 
072 7 |a 821.133.1-3  |x Francouzská próza, francouzsky psaná  |2 Konspekt 
080 |a 821.133.1-31  |2 MRF 
080 |a (0:82-312.4)  |2 MRF 
100 1 |a Thilliez, Franck,  |d 1973-  |7 xx0097934  |4 aut 
240 1 0 |a Sharko.  |l Česky 
245 1 0 |a Sharko /  |c Franck Thilliez ; překlad Jiří Žák 
250 |a První vydání 
264 1 |a V Praze :  |b XYZ,  |c 2024 
300 |a 462 stran ;  |c 22 cm 
336 |a text  |b txt  |2 rdacontent 
337 |a bez média  |b n  |2 rdamedia 
338 |a svazek  |b nc  |2 rdacarrier 
500 |a Přeloženo z francouzštiny 
520 2 |a Oblíbené duo kriminalistů versus upíří sekta. Další případ z krimisérie Sharko a Hennebelleová.  |b Franck Sharko a Lucie Hennebellová jsou ve složitější situaci než kdy dřív. Lucie na soukromém pozemku provedla nezákonnou razii a v sebeobraně zabila podezřelého muže, Juliena Ramireze. Pokud přizná, co se stalo, půjde do vězení - a to Sharko nemůže dopustit. Ukazuje se, že za Ramirezem se skrývá upíří sekta, která páchá ta nejperverznější zvěrstva a záměrně šíří neznámou nemoc. Události kolem vyšetřování se zaplétají, smyčka se stahuje a každou chvíli může někdo zjistit, co Lucie provedla. Jde o všechno! Nakladatelská anotace. 
546 |a Český text 
655 7 |a francouzské romány  |7 fd132289  |2 czenas 
655 7 |a detektivní romány  |7 fd132010  |2 czenas 
655 7 |a thrillery (romány)  |7 fd184206  |2 czenas 
655 9 |a French fiction  |2 eczenas 
655 9 |a detective novels  |2 eczenas 
655 9 |a thrillers (novels)  |2 eczenas 
700 1 |a Žák, Jiří,  |d 1946-2024  |7 jk01152981  |4 trl 
787 0 8 |i Z cyklu:  |t Komisař Sharko  |g 8 
900 |a ABA001  |b 21 
928 9 |a Albatros Media - XYZ 
044 |a xr 
910 |a RBIT002 
998 |d 399875  |a https://core.palmknihy.cz/api/books/399875/cover?sh5l6a  |b https://core.palmknihy.cz/api/books/399875/cover/400?sh5l6a  |c https://core.palmknihy.cz/api/books/399875/cover/50?sh5l6a  |e 2027-12-08  |g 472  |i 9788076834699  |j https://core.palmknihy.cz/api/books/399875/preview.epub  |k https://core.palmknihy.cz/api/books/399875/preview.pdf  |l   |q 49  |r 1  |s https://www.palmknihy.cz/kniha/399875  |t ebook  |y 2024  |z 0  |v Komisař Sharko  |w 10 
999 |d 312311